Propuesta de reforma al Artículo 96 del Decreto Supremo No. 25235 para la promoción institucional del uso de cannabis medicinales en Bolivia (Registro nro. 9692)

000 -CABECERA (24)
Campo de control interno 02700nam a22002534a 4500
003 - IDENTIFICADOR DE CONTROL
Campo control BOLpUSFA
005 - FECHA Y HORA DE CATALOGACION
Campo de control 20260407145712.0
008 - ELEMENTOS DE LONGITUD FIJA - INFORMACIÓN GENERAL
Campo de control de longitud fija t bo grm 001 | spa||
040 ## - Origen de la Catalogacion
Origen de la Catalogacion BOLpUSFA
041 ## - Código de idioma (R)
Código de lengua del texto/banda sonora o título independiente (R) spa
044 ## - Código de país de la publicación
Codigo de pais MARC BO
082 ## - Número de la Clasificación Decimal Dewey
Número de la Clasificación Decimal Dewey DER0147
Codigo Cutter C988pT
100 ## - Autor Personal
Autor Personal Cutili Huayhua, Maribel
245 ## - Titulo
Titulo Propuesta de reforma al Artículo 96 del Decreto Supremo No. 25235 para la promoción institucional del uso de cannabis medicinales en Bolivia
260 ## - Editorial
Ciudad El Alto:
Nombre de la Editorial Universidad Privada San Francisco de Asís. Carrera de Derecho,
Fecha 2025
300 ## - Descripcion
Extension 142 p.
502 ## - Nota de Tesis
Nota de Tesis Modalidad: Tesis de Grado - <br/>Tutora: Lic. María Luz Vargas Orellano
520 ## - Resumen
Resumen La presente investigación aborda la problemática de la falta de promoción <br/>institucional del uso del cannabis medicinal en Bolivia, situación que limita el acceso <br/>informado de pacientes y profesionales de la salud a tratamientos terapéuticos <br/>alternativos. Pese a que el marco normativo compuesto por la Ley N.º 913 de 2017, <br/>la Ley N.º 1737 de 1996 y el Decreto Supremo N.º 25235 de 1998 permite su uso <br/>médico, la ausencia de un mandato reglamentario específico impide su <br/>implementación efectiva. <br/><br/>El objetivo general fue proponer una reforma al artículo 96 del Decreto Supremo N.º <br/>25235, incorporando un parágrafo que habilite la promoción institucional del <br/>cannabis medicinal por parte del Ministerio de Salud, garantizando el acceso <br/>informado y seguro de los pacientes. <br/><br/>La justificación jurídica se sustenta en la necesidad de hacer operativos los artículos <br/>35 y 37 de la Constitución Política del Estado, que obligan al Estado a promover la <br/>salud y garantizar el acceso a medicamentos. La justificación social radica en la <br/>urgencia de combatir el estigma y proporcionar información científica verificada a <br/>pacientes y personal médico. <br/><br/>Metodológicamente, se aplicó un enfoque mixto con métodos dogmático-jurídico, <br/>deductivo y bioético-científico, combinando análisis normativo con encuestas <br/>aplicadas a médicos, farmacéuticos, enfermeras y pacientes. La investigación fue <br/>de tipo descriptivo y propositivo, con diseño no experimental y una muestra de 200 <br/>participantes. <br/><br/>Los resultados evidencian un amplio desconocimiento y alta demanda de <br/>información oficial. En consecuencia, se propone una reforma legal que <br/>institucionalice la promoción científica y ética del cannabis medicinal en Bolivia. <br/>
650 ## - Temas - Descriptores
Temas - Descriptores Derecho
650 ## - Temas - Descriptores
Temas - Descriptores Tesis de Grado
650 ## - Temas - Descriptores
Temas - Descriptores Cannabis medicinal
650 ## - Temas - Descriptores
Temas - Descriptores Propuesta legal
942 ## - ELEMENTOS DE KOHA
Esquema de Clasificaci
Tipo de Documento Tesis
Catalogador LLO
Existencias
Retirado (estado) Perdido (estado) Fuente de Clasificacion Deterioro (estado) Prestamo Coleccion Ubicacion permanente Ubicacion actual Fondo Fecha de adquisicion Origen de adquisicion Prestamos Signatura Topografica Codigo de barras Ultima fecha de verificacion Price effective from Tipo de Item
No Dañado Disponible   No Dañado Disponible Tesis Biblioteca USFA El Alto Biblioteca USFA El Alto Colección Tesis 04/01/2026 Depósito   DER0147 C988pT BEA01540 04/01/2026 04/01/2026 Tesis

Universidad Privada San Francisco de Asis (USFA)
Sopocachi, av. 20 de octubre esq. Belisario Salinas No.397 (Plaza Abaroa)
Telf.fax (+591-2) 2443773
info@usfa.edu.bo